Déserts chrétiens d'Egypte /

محفوظ في:

المؤلف الرئيسي: Miquel, Pierre, 1920-2003. (مؤلف)

التنسيق: كتاب

اللغة: French

سلاسل: Collection Le portique.

الموضوعات:

الوسوم: إضافة وسم

لا توجد وسوم, كن أول من يضع وسما على هذه التسجيلة!

رقم الطلب: DT73 .K47 D47

LEADER 00826nam a22002657a 4500
003 OSt
005 20251209082257.0
008 251209t1993 fr a g b 000 0 fre d
010 |a 94154924 
020 |a 2910184005 
040 |c ARCE Library 
043 |a f-ua--- 
050 1 4 |a DT73 .K47  |b D47 
100 1 |a Miquel, Pierre,   |d 1920-2003.  |e author 
245 1 0 |a Déserts chrétiens d'Egypte /   |c P. Miquel ... [et al.]. 
264 1 |a [Nice] :   |b Culture sud,   |c [c1993]. 
300 |a 287 pages :   |b illustrations (chiefly color) ;   |c 31 cm. 
490 0 |a Collection Le portique. 
504 |a Includes bibliographical references (p. 277-279). 
650 0 |a Coptic monasteries   |z Egypt. 
650 0 |a Christian antiquities   |z Egypt. 
651 0 |a Kellia Site (Egypt)  |9 20283 
901 |a reviewed 
942 |c BK  |2 lcc 
999 |c 27929  |d 27929